| 000 | 01073nam a22001817a 4500 | ||
|---|---|---|---|
| 999 |
_c63927 _d63927 |
||
| 003 | Ge_BSU | ||
| 005 | 20260224111526.0 | ||
| 008 | 260224s1962 ge ||||| |||| 00| 0 geo d | ||
| 041 | _ageo | ||
| 080 | _a338.45:622.333(479.22) ლ-12 | ||
| 100 |
_aლაბაძე, თ. _926952 |
||
| 245 |
_aსაქართველოს სსრ ნახშირის მრეწველობის ეკონომიკის ზოგადი საკითხები / _cთ. ლაბაძე; [რედ.: კ. ჩარკვიანი]; საქ. სსრ მეცნ. აკად., ეკონომიკის ინ-ტი. |
||
| 264 |
_aთბ. : _bსაქ. სსრ მეცნ. აკად. გამ-ბა და სტ., _c1962. |
||
| 300 |
_a84 გვ. : _bცხრილ. ; _c20 სმ. |
||
| 504 | _aბიბლიოგრ. შენიშვნებში. | ||
| 653 | _aსაქართველოს ნახშირის მრეწველობის ეკონომიკა. | ||
| 942 |
_2udc _cᲬᲘᲒᲜᲘ |
||